Southville International School and Colleges
Your cart is empty.
  • Cart
  • Lists
    Public lists Eva Luna New books Lux_list list_1
    Your lists Log in to create your own lists
  • Log in to your account
  • Your cookies
  • Search history
Southville International School and Colleges
  • Advanced search
  • Recent comments
  • Most popular
  • Libraries

Log in to your account

Log in with GOOGLE


If you do not have an external account, but do have a local account, you can still log in:

  1. Home
  2. MARC view: The Baby-Sitters club : Claudia and mean Janine /
Normal view MARC view ISBD view

The Baby-Sitters club : Claudia and mean Janine / (Record no. 896)

[ view plain ]
MARC details
000 -LEADER
fixed length control field 01122cam a22003373a 4500
001 - CONTROL NUMBER
control field 16401557
003 - CONTROL NUMBER IDENTIFIER
control field OSt
005 - DATE AND TIME OF LATEST TRANSACTION
control field 20140310181646.0
008 - FIXED-LENGTH DATA ELEMENTS--GENERAL INFORMATION
fixed length control field 870902s1987 nyu 000 1 eng d
010 ## - LIBRARY OF CONGRESS CONTROL NUMBER
LC control number 97820784
020 ## - INTERNATIONAL STANDARD BOOK NUMBER
International Standard Book Number 0590251627
035 ## - SYSTEM CONTROL NUMBER
System control number (OCoLC)ocm16633572
040 ## - CATALOGING SOURCE
Original cataloging agency COQ
Transcribing agency COQ
Modifying agency OCL
-- BGU
-- DLC
050 00 - LIBRARY OF CONGRESS CALL NUMBER
Classification number PZ 7
Item number .M379 1987
082 ## - DEWEY DECIMAL CLASSIFICATION NUMBER
Classification number KF# BSC
Item number #7
100 1# - MAIN ENTRY--PERSONAL NAME
Personal name Martin, Ann M.,
Dates associated with a name 1955-
9 (RLIN) 4102
245 10 - TITLE STATEMENT
Title The Baby-Sitters club : Claudia and mean Janine /
Statement of responsibility, etc Ann M. Martin.
250 ## - EDITION STATEMENT
Edition statement 1st Scholastic printing.
260 ## - PUBLICATION, DISTRIBUTION, ETC. (IMPRINT)
Place of publication, distribution, etc New York :
Name of publisher, distributor, etc Scholastic,
Date of publication, distribution, etc c1987.
300 ## - PHYSICAL DESCRIPTION
Extent 145 p. ;
Dimensions 20 cm.
490 1# - SERIES STATEMENT
Series statement The baby-sitters club ;
Volume number/sequential designation 7
541 ## - IMMEDIATE SOURCE OF ACQUISITION NOTE
-- 1
541 ## - IMMEDIATE SOURCE OF ACQUISITION NOTE
-- 2
562 ## - COPY AND VERSION IDENTIFICATION NOTE
Number of copies For circulation. 2 copy available in the collection
650 #0 - SUBJECT ADDED ENTRY--TOPICAL TERM
Topical term or geographic name as entry element Sisters
Form subdivision Juvenile fiction.
9 (RLIN) 4103
650 #0 - SUBJECT ADDED ENTRY--TOPICAL TERM
Topical term or geographic name as entry element Babysitters Club (Imaginary organization)
Form subdivision Juvenile fiction.
9 (RLIN) 4104
655 #7 - INDEX TERM--GENRE/FORM
Genre/form data or focus term Young adult fiction.
Source of term lcsh
9 (RLIN) 3735
710 2# - ADDED ENTRY--CORPORATE NAME
Corporate name or jurisdiction name as entry element Copyright Paperback Collection (Library of Congress)
Institution to which field applies DLC
9 (RLIN) 705
906 ## - LOCAL DATA ELEMENT F, LDF (RLIN)
a 7
b cbc
c copycat
d 2
e ncip
f 19
g y-genrareb
942 ## - ADDED ENTRY ELEMENTS (KOHA)
Source of classification or shelving scheme Library of Congress Classification
Koha item type
Call number prefix
Holdings
Withdrawn status Lost status Source of classification or shelving scheme Damaged status Home library Current library Shelving location Date acquired Total Checkouts Full call number Barcode Date last seen Copy number Price effective from Koha item type
    Library of Congress Classification   Luxembourg Library Luxembourg Library Kids Fiction Section 04/12/2012   PZ 7 .M379 1987 1054 05/25/2015 1 10/03/2013 Books
    Library of Congress Classification   Luxembourg Library Luxembourg Library Kids Fiction Section 07/25/2013   PZ 7 .M379 1987 5855 08/13/2013 2 07/25/2013 Books

The Baby-Sitters club : Claudia and mean Janine /

APA

Martin A. M., Copyright Paperback Collection (Library of Congress), . (1987). The Baby-Sitters club : Claudia and mean Janine. New York: Scholastic.

Chicago

Martin Ann M, Copyright Paperback Collection (Library of Congress), . 1987. The Baby-Sitters club : Claudia and mean Janine. New York: Scholastic.

Harvard

Martin A. M., Copyright Paperback Collection (Library of Congress), . (1987). The Baby-Sitters club : Claudia and mean Janine. New York: Scholastic.

MLA

Martin Ann M, Copyright Paperback Collection (Library of Congress), . The Baby-Sitters club : Claudia and mean Janine. New York: Scholastic. 1987.

  • Place hold
  • Print
  • Cite
  • Add to your cart (remove)
  • Save record
    BIBTEX Dublin Core MARCXML MARC (non-Unicode/MARC-8) MARC (Unicode/UTF-8) MARC (Unicode/UTF-8, Standard) MODS (XML) RIS
  • More searches
    Search for this title in:
    Other Libraries (WorldCat) Other Databases (Google Scholar) Online Stores (Bookfinder.com) Open Library (openlibrary.org)

Exporting to Dublin Core...

SOUTHVILLE LIBRARY

Southville International School and Colleges Library

1281 Tropical Ave. Cor. Luxembourg St., BF Homes International, Las Pinas City

Tel. No. 8256374 / 252358 Loc. 117/146

Powered by Koha